Quizzes
Events
Quiz Creation
Community
Videos
Private Events
Remove Ads
Sign In
Join for FREE
Feedback
Dark Mode
Quiz Categories
Sports
Geography
Music
Movies
Television
Just For Fun
Miscellaneous
History
Literature
Language
Science
Gaming
Entertainment
Religion
Holiday
For Kids
Quiz Lab
Recent
Popular Today
Quiz Kudos Today
Editor Picks
Curator Picks
Quizzes by...
Day
Popularity
Type
Ratings
Length
Year
Community
Subscriptions
Recent Discussions
Orange Saloon
Badges
Playlists
Quests
Create
Leaderboards
Showdown
Live 5
Trivia Bingo
Activity
Puzzle Library
Sporcle Events
Private Events
Virtual Trivia
Globe League
Become a Host
Pub Owners
SporcleCon
Opinionation
Our Games
Videos
Blog
Mobile Apps
Partnerships
Remove Ads and Go Orange
Feedback
Geography
Country
Landmarks
City
State
Population
World
Capital
Continent
Flags
Europe
Africa
Asia
South America
North America
Oceania
Border
Canada
United Kingdom
Topography
United States
Geography
Country
Landmarks
City
State
Population
World
Capital
Continent
Flags
Europe
Africa
Asia
South America
North America
Oceania
Border
Canada
United Kingdom
Topography
United States
Random Quiz
Search Sporcle
×
Quiz Lab
Quiz Lab
Geography
place
Type in answers that appear in a list
Type in answers that appear in a list
Classic
Best Score? Go Orange.
Odd Geography Stats
Can you name the Odd Geography?
By
oracleofireland
7m
45 Questions
369 Plays
369 Plays
369 Plays
Comments
Comments
Give Quiz Kudos
Give Quiz Kudos
-
- Ratings
hide this ad
Replay
Link that replays current quiz
Next Quiz
Link to next quiz in quiz playlist
You Got
0%
They Got
Avg Score
47%
Avg Friend Score
Upgrade to see
Score Distribution
Jump to the score distribution portion of the page
Score
0/45
Timer
07:00
0
Plays Today
Question
Place
% Correct
Eight countries that speak Portuguese officially?
Portugal
89.4%
Eight countries that speak Portuguese officially?
Brazil
88.1%
Seven African countries beginning with M?
Madagascar
86.4%
Nine largest Islands excluding continental landmasses?
Madagascar
86.4%
Seven African countries beginning with M?
Mali
85.9%
Seven African countries beginning with M?
Malawi
80.5%
Seven African countries beginning with M?
Mozambique
79.9%
Eight countries that speak Portuguese officially?
Mozambique
79.9%
Nine largest Islands excluding continental landmasses?
Greenland
79.1%
One landlocked country beginning with E?
Ethiopia
78.3%
Seven African countries beginning with M?
Mauritania
77.8%
Seven African countries beginning with M?
Mauritius
70.5%
Three enclaves that are countries in their own right?
San Marino
69.6%
Three enclaves that are countries in their own right?
Lesotho
68.8%
Seven African countries beginning with M?
Morocco
68.8%
Three enclaves that are countries in their own right?
Vatican City
68%
Two doubly-
landlocked countries of the world?
Liechtenstein
64.5%
Eight countries that speak Portuguese officially?
Angola
59.9%
Two doubly-
landlocked countries of the world?
Uzbekistan
52.6%
Nine largest Islands excluding continental landmasses?
Great Britain
52.6%
Four lakes: The deepest, the longest, the lowest and the highest?
Baikal
49.1%
Nine largest Islands excluding continental landmasses?
Borneo
48%
Nine largest Islands excluding continental landmasses?
Honshu
48%
Question
Place
% Correct
Eight countries that speak Portuguese officially?
Sao Tome and Principe
45.3%
Eight countries that speak Portuguese officially?
Cape Verde
45%
Nine largest Islands excluding continental landmasses?
Victoria Island
45%
Nine largest Islands excluding continental landmasses?
New Guinea
40.1%
Four lakes: The deepest, the longest, the lowest and the highest?
Dead Sea
38.5%
Eight countries that speak Portuguese officially?
Guinea-Bissau
38.5%
Nine largest Islands excluding continental landmasses?
Sumatra
38.5%
Nine largest Islands excluding continental landmasses?
Baffin Island
35.2%
Six countries with a population between 8-
9million inclusive?
Austria
29.8%
Eight countries that speak Portuguese officially?
East Timor
25.2%
Four lakes: The deepest, the longest, the lowest and the highest?
Caspian
23%
Six countries with a population between 8-
9million inclusive?
Burundi
18.2%
Six countries with a population between 8-
9million inclusive?
Benin
17.9%
Six countries with a population between 8-
9million inclusive?
Honduras
14.1%
Five smallest tectonic plates of the Earth's crust?
Philippine
13.6%
Five smallest tectonic plates of the Earth's crust?
Nazca
12.5%
Five smallest tectonic plates of the Earth's crust?
Juan de Fuca
10.8%
Five smallest tectonic plates of the Earth's crust?
Caribbean
10.8%
Six countries with a population between 8-
9million inclusive?
United Arab Emirates
9.8%
Six countries with a population between 8-
9million inclusive?
South Sudan
8.7%
Five smallest tectonic plates of the Earth's crust?
Cocos
4.9%
Four lakes: The deepest, the longest, the lowest and the highest?
Ojos del Salado
1.9%
Quiz Playlist
Details
Report
Send in Message
Add To Playlist
Classic:
Type in answers that appear in a list
Last Updated: Feb 16, 2017
Quiz Scoreboard
CHALLENGE
Sign Up to Join the Scoreboard
Show All
Scores
Hide
Comments
May contain spoilers
Recently Published
TV Characters by Other Roles V
by ghcgh
Television
5m
Decade Duel: World Leaders
by jenniferyan
History
4m
Alphabetical 'K' Countries by Flag Minefield
by ylime102
Geography
3m
More to Explore
Quiz From the Vault
Featured Blog Post
15 Basketball Trivia Facts You Can Be March Mad About
hide this ad
You Might Also Like...
Tags
odd
place
Today's Top Quizzes in Geography
Browse Geography
hide this ad
Today's Top Quizzes in place
Browse place
Top Contributed Quizzes in Geography
1
Countries of the World - No Outlines Minefield
2
Least Populated Answer: 'G' Countries
3
Pick 6: Mountains
4
'A' Capitals Crossword
5
Countries of the World: 1800
6
Alphabetical 'L' Countries By Flag Minefield
7
Lietuvos savivaldybės (Lithuanian Municipalities)
8
Pick 6: National Parks
9
Pick 6: US States
10
Alphabetical 'M' Countries By Flag Minefield
Explore More
Trending Topics
NBA
Kpop
Anime
Marvel
Disney
Crossword
Harry Potter
WWE
The Office
Puzzle
Country
Pokémon
Song
NFL
Soccer
hide this ad
More By:
oracleofireland
Quiz
Plays
Rating
Category
Featured
Created
Geography Bunker III
776,509
3.65
Geography
Jul 25, 2011
101 General Knowledge Geography Quiz
24,188
3.51
Geography
Aug 7, 2011
'Who Wants to be a Millionaire' - USA
4,024
3.70
Geography
Aug 12, 2011
Top 5 U.S Geography
905
3.72
Geography
Aug 2, 2011
Where in the World is...
748
4.44
Geography
Aug 9, 2011
Go to Creator's Profile
Score Distribution
Quiz Creator Spotlight
oracleofireland
Follow
Send a Message
Quizzes Created
-
Created Quiz Play Count
-
More By This Creator
Popular Quizzes Today
1
Countries of Asia Without Outlines Minefield
2
Find the US States - No Outlines Minefield
3
Pick 6: Fruits
4
The Countries of the World
5
Alphabetical 'K' Countries by Flag Minefield
6
Find the Countries of Europe - No Outlines Minefield
7
US States
8
Find the US States
More Geography Quizzes
Seven Letter Asian Countries
Published
Trending Quizzes
Pick 6: Mountains
Pick 6: Harry Potter
Pick 6: Flags
Pick 6: NFL Teams
Pick 6: Movie Franchises
Recently Updated
Adaptations: Name the Title
pecheneg
NWSL Teams
pecheneg
Women's Final Four Teams by Year
bhenderson79
Presidents Quartet II
eogle
Anything But Clue(do)
eogle
Anything But Oceanian Capitals
eogle
Anything But 7
eogle
Anything But Thing
eogle
Word Ladder: February 29
pecheneg
Song Title Questions
pecheneg
Trending Topics
Anime
Disney
Harry Potter
NBA
Kpop
Marvel
Crossword
The Office
Puzzle
Soccer
Country
NFL
WWE
Song
Pokémon
Your Account Isn't Verified!
In order to create a playlist on Sporcle, you need to verify the email address you used during registration. Go to your
Sporcle Settings
to finish the process.
Report this User
Report this user for behavior that violates our
Community Guidelines
.
Details:
Send Report
Go to the Sporcle.com Mobile Site →
Comments